[Event "Arco op 44th"]
[Site "Arco"]
[Date "2022.10.08"]
[Round "1"]
[White "Bernath, Bence"]
[Black "Raselli, Claudio"]
[Result "1-0"]
[WhiteElo "2134"]
[BlackElo "1725"]
[PlyCount "55"]
[EventDate "2022.10.08"]
[EventType "swiss"]
[EventRounds "9"]
[EventCountry "ITA"]
[SourceTitle "CBM 210 Extra"]
[Source "ChessBase"]
[SourceDate "2022.11.30"]
[SourceVersion "1"]
[SourceVersionDate "2022.11.30"]
[SourceQuality "1"]

1. e4 c5 2. Nf3 d6 3. d4 cxd4 4. Nxd4 Nf6 5. Nc3 a6 6. f3 e5 7. Nb3 Be6 8. Be3 Nbd7 9. Qd2 Be7 10. 0-0-0 Qc7 11. g4 Nc5 12. Nxc5 dxc5 13. g5 Rd8 14. Qe1 Rxd1+ 15. Qxd1 Nh5 16. Rg1 b5 17. a4 b4 18. Nd5 Bxd5 19. Qxd5 0-0 20. Bxa6 Rd8 21. Qb7 Qd6 22. Be2 Qe6 23. Rd1 Bd6 24. Qd5 Qe7 25. a5 Nf4 26. Bxf4 exf4 27. a6 Bc7 28. Qxd8+ 1-0

[Event "Presolana op 35th"]
[Site "Presolana"]
[Date "2015.08.24"]
[Round "2"]
[White "Dubois, Martine"]
[Black "Raselli, Claudio"]
[Result "1/2-1/2"]
[WhiteElo "1982"]
[BlackElo "1810"]
[PlyCount "45"]
[EventDate "2015.08.23"]
[EventType "swiss"]
[EventRounds "8"]
[EventCountry "ITA"]
[SourceTitle "EXT 2024"]
[Source "ChessBase"]
[SourceDate "2023.10.10"]
[SourceVersion "1"]
[SourceVersionDate "2023.10.10"]
[SourceQuality "1"]

1. e4 c5 2. c3 d5 3. exd5 Qxd5 4. d4 Nf6 5. Nf3 Nc6 6. Be2 cxd4 7. cxd4 e6 8. Nc3 Qd6 9. 0-0 Be7 10. Be3 0-0 11. Qd2 b6 12. Bf4 Qd8 13. Rad1 Bb7 14. Rfe1 Rc8 15. Ne5 Nxe5 16. dxe5 Qxd2 17. Bxd2 Nd5 18. Bd3 Rfd8 19. Bb1 Nxc3 20. Bxc3 Kf8 21. Rd2 Rxd2 22. Bxd2 Rd8 23. Bc3 1/2-1/2

[Event "Lugano op"]
[Site "Lugano"]
[Date "2014.11.08"]
[Round "2"]
[White "Raselli, Claudio"]
[Black "Rasser, Gerhard"]
[Result "1-0"]
[WhiteElo "1817"]
[BlackElo "1591"]
[PlyCount "53"]
[EventDate "2014.11.07"]
[EventType "swiss"]
[EventRounds "5"]
[EventCountry "SUI"]
[SourceTitle "EXT 2015"]
[Source "ChessBase"]
[SourceDate "2014.11.20"]
[SourceVersion "1"]
[SourceVersionDate "2014.11.20"]
[SourceQuality "1"]

1. c4 Nf6 2. g3 g6 3. Bg2 Bg7 4. Nc3 d6 5. e4 0-0 6. Nge2 e5 7. 0-0 Be6 8. d3 Nc6 9. Rb1 Qc8 10. b4 a6 11. Nd5 Re8 12. Bd2 Ne7 13. Qc2 Nexd5 14. cxd5 Bh3 15. Rbc1 Re7 16. a4 Bxg2 17. Kxg2 h5 18. h4 Ne8 19. b5 axb5 20. axb5 b6 21. Ra1 Nf6 22. Be3 Rxa1 23. Rxa1 Qb7 24. Qa4 Re8 25. Qa7 Qc8 26. Rc1 Nd7 27. Rxc7 1-0

[Event "Bratto op-B 34th"]
[Site "Bratto"]
[Date "2014.08.29"]
[Round "7"]
[White "Girgenti, Giuseppe"]
[Black "Raselli, Claudio"]
[Result "1/2-1/2"]
[WhiteElo "1960"]
[BlackElo "1867"]
[PlyCount "101"]
[EventDate "2014.08.23"]
[EventType "swiss"]
[EventRounds "8"]
[EventCountry "ITA"]
[SourceTitle "EXT 2017"]
[Source "ChessBase"]
[SourceDate "2016.10.25"]
[SourceVersion "1"]
[SourceVersionDate "2016.10.25"]
[SourceQuality "1"]

1. e4 c5 2. Nc3 Nc6 3. Nf3 e6 4. Bb5 Qc7 5. Bxc6 Qxc6 6. 0-0 Nf6 7. Re1 d6 8. d4 cxd4 9. Nxd4 Qc7 10. Bg5 a6 11. Qf3 Be7 12. Rad1 0-0 13. Kh1 b5 14. a3 Bb7 15. Bxf6 Bxf6 16. Qe3 Rfd8 17. f3 Rac8 18. Re2 Qc5 19. Qd3 g6 20. Nb1 Qc4 21. Qxc4 Rxc4 22. c3 d5 23. e5 Be7 24. Nd2 Rc7 25. N2b3 Bc5 26. Nxc5 Rxc5 27. Kg1 Rc7 28. Red2 Bc6 29. Kf2 Bd7 30. f4 Rb8 31. Nc2 a5 32. Ne3 b4 33. axb4 axb4 34. c4 Ba4 35. Ra1 Bb3 36. cxd5 exd5 37. Ra5 Rd8 38. Nxd5 Bxd5 39. Raxd5 Rxd5 40. Rxd5 Rc2+ 41. Kg3 Rxb2 42. Rb5 Kf8 43. Rb7 Rb3+ 44. Kg4 Rb2 45. g3 Rxh2 46. Rxb4 h5+ 47. Kg5 Kg7 48. f5 gxf5 49. Kxf5 Rh3 50. Rh4 Rxg3 51. Rxh5 1/2-1/2

[Event "Bratto op-B 33rd"]
[Site "Bratto"]
[Date "2013.08.23"]
[Round "6"]
[White "Gemelli, Giovanni"]
[Black "Raselli, Claudio"]
[Result "1-0"]
[WhiteElo "1842"]
[BlackElo "1910"]
[PlyCount "81"]
[EventDate "2013.08.18"]
[EventType "swiss"]
[EventRounds "8"]
[EventCountry "ITA"]
[SourceTitle "EXT 2015"]
[Source "ChessBase"]
[SourceDate "2014.11.20"]
[SourceVersion "1"]
[SourceVersionDate "2014.11.20"]
[SourceQuality "1"]

1. e4 d5 2. exd5 Qxd5 3. Nc3 Qd6 4. d4 Nf6 5. Nf3 a6 6. Be3 b5 7. a3 Bb7 8. Be2 e6 9. 0-0 Be7 10. Qd2 Nc6 11. Rad1 Rd8 12. Qc1 Qd7 13. Ng5 0-0 14. Bf3 Nd5 15. Nxd5 exd5 16. Nh3 Bf6 17. Nf4 Ne7 18. Nh5 Qf5 19. h3 h6 20. Bg4 Qg6 21. Nf4 Qh7 22. Nh5 Qg6 23. Nf4 Qh7 24. Nd3 h5 25. Bf3 Nf5 26. Nc5 Bc8 27. Kh1 Rfe8 28. c3 Nxe3 29. fxe3 Bg5 30. Rde1 Re7 31. Re2 Rde8 32. Bxd5 Bxe3 33. Rxe3 Rxe3 34. Bxf7+ Kh8 35. Bxe8 Rxe8 36. Qf4 Qc2 37. Qf7 Qe2 38. Qf2 Qc4 39. Re1 Rxe1+ 40. Qxe1 Bf5 41. Qe8+ 1-0

[Event "ITA-ch B"]
[Site "Civitanova Marche"]
[Date "2012.07.17"]
[Round "3"]
[White "Raselli, Claudio"]
[Black "Boraso, Alessio"]
[Result "0-1"]
[WhiteElo "1890"]
[BlackElo "2078"]
[PlyCount "46"]
[EventDate "2012.07.15"]
[EventType "swiss"]
[EventRounds "8"]
[EventCountry "ITA"]
[SourceTitle "EXT 2023"]
[Source "ChessBase"]
[SourceDate "2022.10.05"]
[SourceVersion "1"]
[SourceVersionDate "2022.10.05"]
[SourceQuality "1"]

1. Nf3 Nf6 2. d4 d6 3. Nbd2 g6 4. e4 Bg7 5. Bd3 0-0 6. 0-0 Nc6 7. c3 e5 8. dxe5 dxe5 9. Qc2 Nh5 10. Nc4 Bg4 11. Be2 h6 12. a4 Qe8 13. h3 Be6 14. Be3 Kh8 15. Rad1 f5 16. exf5 gxf5 17. Bc5 Rg8 18. Nh4 Nf4 19. Kh2 Bf6 20. g3 Qf7 21. gxf4 Bxh4 22. Nxe5 Nxe5 23. fxe5 Qg7 0-1

[Event "Condino op 11th"]
[Site "Condino"]
[Date "2011.07.29"]
[Round "7"]
[White "Raselli, Claudio"]
[Black "Menichini, Massimo"]
[Result "1-0"]
[WhiteElo "1930"]
[BlackElo "1791"]
[PlyCount "103"]
[EventDate "2011.07.25"]
[EventType "swiss"]
[EventRounds "7"]
[EventCountry "ITA"]
[SourceTitle "EXT 2012"]
[Source "ChessBase"]
[SourceDate "2011.11.24"]
[SourceVersion "1"]
[SourceVersionDate "2011.11.24"]
[SourceQuality "1"]

1. e4 c5 2. Nf3 Nc6 3. Bb5 d6 4. 0-0 e5 5. c3 Nf6 6. d4 cxd4 7. cxd4 Qb6 8. Nc3 Bd7 9. Bxc6 Bxc6 10. dxe5 dxe5 11. Nxe5 Rd8 12. Qe2 Be7 13. Be3 Qc7 14. Nxc6 bxc6 15. Qa6 0-0 16. Qxa7 Qe5 17. f4 Qe6 18. Bc5 Bxc5+ 19. Qxc5 Nxe4 20. Nxe4 Qxe4 21. Rae1 Qa4 22. a3 Rd5 23. Qc3 Rfd8 24. Re5 Qa7+ 25. Qe3 Qd7 26. Rxd5 cxd5 27. Qd4 Qb5 28. Re1 Qa5 29. b4 Qb5 30. f5 Ra8 31. f6 gxf6 32. Re3 Qc6 33. Rg3+ Kh8 34. Rc3 Qe6 35. Re3 Qc6 36. Qc3 Qd6 37. Qd4 Rc8 38. Rc3 Re8 39. Rc1 Re4 40. Qc5 Qxc5+ 41. bxc5 Ra4 42. c6 Ra8 43. c7 Rc8 44. Kf2 Kg7 45. Ke3 Kf8 46. Kd4 Ke7 47. Kxd5 Kd7 48. a4 f5 49. Ke5 f4 50. Kxf4 Kd6 51. a5 f5 52. a6 1-0

[Event "Condino op 11th"]
[Site "Condino"]
[Date "2011.07.25"]
[Round "1"]
[White "Raselli, Claudio"]
[Black "Tricerri, Pierino"]
[Result "1-0"]
[WhiteElo "1930"]
[BlackElo "1508"]
[PlyCount "61"]
[EventDate "2011.07.25"]
[EventType "swiss"]
[EventRounds "7"]
[EventCountry "ITA"]
[SourceTitle "EXT 2012"]
[Source "ChessBase"]
[SourceDate "2011.11.24"]
[SourceVersion "1"]
[SourceVersionDate "2011.11.24"]
[SourceQuality "1"]

1. e4 c5 2. Nf3 Nc6 3. Bb5 Nf6 4. Qe2 Qc7 5. 0-0 a6 6. Bxc6 Qxc6 7. e5 Nd5 8. d3 g6 9. c4 Nc7 10. d4 Bg7 11. d5 Qb6 12. Nc3 0-0 13. Bg5 Re8 14. Rfe1 d6 15. exd6 Qxd6 16. Ne4 Qb6 17. Be3 f5 18. Nxc5 Qxb2 19. Qxb2 Bxb2 20. Rab1 Bg7 21. Nxb7 Bxb7 22. Rxb7 Rac8 23. h3 Red8 24. Bf4 Rd7 25. c5 Rxd5 26. Bxc7 Rxc5 27. Rxe7 Bh6 28. Be5 Rc1+ 29. Kh2 R8c2 30. Rxh7 Bf8 31. Rh8# 1-0

[Event "Robecchetto op-A 21th"]
[Site "Robecchetto"]
[Date "2010.12.30"]
[Round "6"]
[White "Di Chiara, Mauro"]
[Black "Raselli, Claudio"]
[Result "1-0"]
[WhiteElo "1945"]
[BlackElo "1954"]
[PlyCount "77"]
[EventDate "2010.12.27"]
[EventType "swiss"]
[EventRounds "6"]
[EventCountry "ITA"]
[SourceTitle "EXT 2024"]
[Source "ChessBase"]
[SourceDate "2023.10.10"]
[SourceVersion "1"]
[SourceVersionDate "2023.10.10"]
[SourceQuality "1"]

1. Nf3 c5 2. e3 Nf6 3. d4 cxd4 4. exd4 d5 5. c4 Bg4 6. Nc3 e6 7. cxd5 Nxd5 8. Qa4+ Nd7 9. Ne5 N5b6 10. Qb3 Nxe5 11. dxe5 Bc5 12. Bb5+ Kf8 13. 0-0 Qh4 14. Ne4 Be7 15. f3 Bf5 16. Be3 Bxe4 17. fxe4 Qxe4 18. Bxb6 axb6 19. Qxe6 Bc5+ 20. Kh1 Qg6 21. Qd7 f6 22. exf6 gxf6 23. Rae1 Rg8 24. Qxb7 Rd8 25. Qc6 Kg7 26. Rd1 Rxd1 27. Rxd1 Kh8 28. Be2 Qg5 29. Bf3 Qf4 30. Qe6 Bd4 31. Qc4 Re8 32. Qf7 Rc8 33. Qe6 Rc1 34. Qe8+ Kg7 35. Qe7+ Kh6 36. Qf8+ Kg6 37. Qe8+ Kg7 38. Qd7+ Kg6 39. Be4+ 1-0